Statistics for Original Rock Band names

Click here to take the quiz!

General Stats

  • This quiz has been taken 89 times
  • The average score is 3 of 21

Answer Stats

HintAnswer% Correct
The New YardbirdsLed Zeppelin
63%
EarthBlack Sabbath
42%
Johnny & The MoondogsThe Beatles
30%
SmileQueen
28%
Skid RowNirvana
24%
The High NumbersThe Who
22%
Sweet ChildrenGreen Day
19%
MeggadeathPink Floyd
19%
Mookie BlaylockPearl Jam
14%
MammothVan Halen
14%
FeedbackU2
13%
The GolliwogsCreedence Clearwater Revival
8%
Metropolis Blues QuartetThe Yardbirds
8%
Jimmy James & The Blue FlamesJimi Hendrix Experience
6%
Tony Flow and the Miraculously Majestic Masters of MayhemRed Hot Chili Peppers
6%
Psychedelic RangersThe Doors
6%
Mr. Crowes GardenThe Black Crowes
5%
Atomic MassDef Leppard
4%
ParisPoison
4%
Mother Mcree's Uptown Jug ChampionsThe Grateful Dead
2%
The Sex MaggotsGoo Goo Dolls
1%

Score Distribution

Percentile by Number Answered

Percent of People with Each Score

Your Score History

You have not taken this quiz